Cvičení ze slovenštiny

Podrobná bibliografia
Hlavný autor: Písková, Milada, 1943-2022 (Autor)
Médium: Kniha
Jazyk:čeština
slovenčina
Fyzický popis:109 strán 30 cm
Vydavateľské údaje: Olomouc Univerzita Palackého 1990
Vydanie:1. vyd.
Predmet:

MARC

LEADER 00000cam a2200000 a 4500
001 vtls001152754
003 SK-MaSNL
005 20260301063208.0
008 241204s1990 xr frnp 000 0 cze
015 |a SNBA1990/04 
020 |q (brožované) 
035 |a SNK000095636 
035 |a urn:nbn:sk:snk-amljoq 
035 |a urn:nbn:sk:snk-am00bpaw 
035 |a 26B639BF-F7A9-4E18-AC15-D0555A2D83BD 
040 |a SNK  |b slo  |c SNK  |e AACR2 
041 0 |a cze  |a slo 
044 |a xr  |c CZ 
072 7 |a 811.162.4  |x Slovenčina  |2 konspekt 
072 7 |a 37.016  |x Učebné osnovy. Vyučovacie predmety. Učebnice  |2 konspekt 
072 7 |a 81  |x Lingvistika. Jazyky  |2 konspekt 
080 |a 811.162.4  |2 2011 
080 |a (076.5)  |2 2011 
080 |a (075.8)  |2 2011 
080 |a 81'36  |2 2011 
100 1 |a Písková, Milada,  |d 1943-2022  |4 aut  |9 117232 
245 1 0 |a Cvičení ze slovenštiny  |c M. Písková 
250 |a 1. vyd. 
260 |a Olomouc  |b Univerzita Palackého  |c 1990 
300 |a 109 strán  |c 30 cm 
366 |e 500 kusov 
500 |a Ilustrácia na titulnej strane. Slovníček rozdielnych výrazov na strane 91-101. Zoznam excerpovaných kníh a časopisov na strane 106 
500 |a Vydala Univerzita Palackého v Olomouci, Pedagogická fakulta 
504 |a Výberová bibliografia na strane 102-105. Bibliografia na strane 107-108 
521 |a Pre poslucháčov Pedagogickej fakulty Univerzity Palackého 
546 |a Čiastočný text v slovenčine 
650 0 7 |a slovenčina  |2 SNKPH  |9 1350 
650 0 7 |a gramatika  |2 SNKPH  |9 865 
655 7 |a praktické cvičenia  |2 SNKPH  |9 70517 
655 7 |a učebnice vysokých škôl  |2 SNKPH  |9 70191 
710 2 |a Univerzita Palackého v Olomouci.  |b Pedagogická fakulta  |4 pbl  |9 222006 
852 |a Slovenská národná knižnica 
954 |a odborná, vedecká literatúra cudzojazyčná (svetová)  |2 lita 
958 |a RK 
958 |a TL 
958 |a CZ 
958 |a OND 
958 |a UV 
958 |a NB 
958 |a EUIPO 
999 |c 623244  |d 625174 
952 |a SNK  |b SNK  |y VYP  |7 0  |p 17A0464489  |o snkSB 48285 D1  |i snk2005/10526  |8 1  |0 0  |1 0  |4 0  |d 2005-06-17  |l 0  |r 2026-02-23 17:01:50  |w 2026-02-23 
952 |a SNK  |b SNK  |y PREZ  |7 0  |p 17A0115251  |o snkSB 48285  |i snkKIP 5766/91  |0 0  |1 0  |4 0  |d 1998-01-09  |f 1  |l 0  |r 2025-02-18 00:00:00  |w 2026-02-23